banner-ar

CONDUCTING INTERACTION: PATTERN OF BEHAVIOR IN FOCUSED ENCOUNTER / (Record no. 24367)

MARC details
000 -الفاتح
حقل البيانات ثابتة الطول 00528nam a2200181Ia 4500
008 - عناصر البيانات ثابتة الطول - معلومات عامة
حقل البيانات ثابتة الطول 140319s9999 xx 000 0 eng d
040 ## - مصدر الفهرسة
وكالة الفهرسة الأصلية GCL /
وكالة النسخ GCL
082 04 - رقم تصنيف ديوى العشرى
رقم التصنيف 302.346
رقم المادة K C
100 1# - المدخل الرئيسى - إسم شخصى
الإسم الشخصى KENDOM, ADAM
245 10 - بيان العنوان
العنوان CONDUCTING INTERACTION: PATTERN OF BEHAVIOR IN FOCUSED ENCOUNTER /
بيان المسئوليه,etc KENDOM, ADAM
260 ## - PUBLICATION, DISTRIBUTION, ETC. (IMPRINT)
تاريخ النشر أو التوزيع 1990
300 ## - الوصف المادى
التعداد 292 P
650 04 - المدخل الاضافى بالموضوع-مصطلح موضوعى
مصطلح موضوعي نانسى ريجان
650 04 - المدخل الاضافى بالموضوع-مصطلح موضوعى
مصطلح موضوعي INTERPERSONAL COMMUNICATION
650 04 - المدخل الاضافى بالموضوع-مصطلح موضوعى
مصطلح موضوعي CONVERSATION
942 ## - عناصر المدخل الإضافي( كوها)
مصدر التصنيف او مخطط الترفيف Dewey Decimal Classification
Koha [default] item type كتاب
260 ## - PUBLICATION, DISTRIBUTION, ETC. (IMPRINT)
-- [S.N] :
-- CAMBRIBGE UNIVERSITY PRESS ،
Holdings
حالة التراجع حالة الفقد حالة تلف ليس للاعارة المكان المؤقت الموقع الحالى تاريخ الاكتساب اجمالي اﻻعارات رقم الطلب الباركود تاريخ اخر مشاهدة تاريخ تفعيل السعر نوع وعاء كوها
        مكتبة القاهرة الكبرى مكتبة القاهرة الكبرى 03/26/2014   302.346\K C 43272 03/26/2014 03/26/2014 كتاب

Powered By

EGPV